000 00317nam a2200133Ia 4500
005 20251222141844.0
008 251222s9999||||xx |||||||||||||| ||spa||
020 _a84-207-1321-X
082 _a371.3/M86
100 _aMorrish, Ivor
245 0 _aCambio e Innovación en la Enseñanza
264 _bAnaya
942 _cLIB
999 _c7527
_d7527